UBT Library

MACROECONOMIC POLICY IN A WORLD ECONOMY (Record no. 59769)

000 -LEADER
fixed length control field 00350nam a22001457a 4500
008 - FIXED-LENGTH DATA ELEMENTS--GENERAL INFORMATION
fixed length control field 230517b ||||| |||| 00| 0 eng d
020 ## - INTERNATIONAL STANDARD BOOK NUMBER
International Standard Book Number 0393963160
041 ## - LANGUAGE CODE
Language code of text/sound track or separate title eng
080 ## - UNIVERSAL DECIMAL CLASSIFICATION NUMBER
Edition identifier FIRST EDITION
Universal Decimal Classification number 330.10
082 ## - DEWEY DECIMAL CLASSIFICATION NUMBER
Classification number 330.10TAY
100 ## - Rafti
Rafti 24
101 ## - Shkurtesa
Shkurtesa MBE
245 ## - TITLE STATEMENT
Title MACROECONOMIC POLICY IN A WORLD ECONOMY
Statement of responsibility, etc TAYLOR.B.J
942 ## - ADDED ENTRY ELEMENTS (KOHA)
Source of classification or shelving scheme
Item type Books
Holdings
Withdrawn status Lost status Source of classification or shelving scheme Damaged status Not for loan Collection code Permanent location Current location Date acquired Total Checkouts Full call number Barcode Date last seen Price effective from Koha item type
          Koleksioni i përgjithshem UBT - Lipjan UBT - Lipjan 05/17/2023   330.10TAY 002-800080310 05/17/2023 05/17/2023 Books
UBT Library © 2015-2024. All rights reserved University Education for Business and Technology